| 000 | 00585nam a2200205 a 4500 | ||
|---|---|---|---|
| 005 | 20240601063656.0 | ||
| 008 | 991125s1975 es 000 0 spa u | ||
| 020 | _a8426903185 | ||
| 035 | _aUPN01000047314 | ||
| 049 | _aCG | ||
| 050 | 4 |
_aLB1084 _bG3.68 |
|
| 100 | 1 | _aGammage, Philip | |
| 245 | 1 | 3 |
_aEl profesor y el alumno : _baspectos socio-psicológicos / _cPhilip Gammage. |
| 260 |
_aMadrid : _bMarova, _c1975. |
||
| 300 | _a147 p. | ||
| 440 | 0 |
_aBiblioteca del educador ; _v17 |
|
| 650 | 4 |
_aConductismo (Psicología) _97930 |
|
| 650 | 4 |
_aPsicopedagogía _95085 |
|
| 905 | _aLibro | ||
| 999 |
_c47314 _d47314 |
||